000 00310nam a22001337a 4500
008 181122b xxu||||| |||| 00| 0 eng d
020 _a0534128211
041 _aeng
080 _a370
100 _a47
101 _aEDU
245 _aReading And Learning Across The Disciplines
_cMary.j
942 _2udc
_cBK
999 _c52316
_d52316